| 000 | 00842nas a2200253 4500 | ||
|---|---|---|---|
| 001 | BR2011003346 | ||
| 003 | BR-BrBNA | ||
| 005 | 20231205115358.0 | ||
| 007 | ta | ||
| 008 | 230509b bl.|||p| |||| 00| 00por d | ||
| 040 |
_aBR-BrBNA _bpor _cBiblioteca Nacional de Agricultura |
||
| 041 | _a(Pt) | ||
| 072 | _aP01; K10 | ||
| 100 | 1 | _aAlves, R.R. | |
| 100 | 1 | _aJacovine, L.A.G. | |
| 100 | 1 | _aBasso, V.M. | |
| 100 | 1 | _aSilva, M.L. da | |
| 245 | 1 | _aPlantações florestais e a proteção de florestas nativas em unidades de manejo certificadas na América do Sul pelos sistemas FSC e PEFC | |
| 650 | _aPROTEÇÃO FLORESTAL | ||
| 650 | _aCERTIFICAÇÃO DE PRODUTO | ||
| 773 | 0 |
_tFloresta (Brazil) _xISSN 0015-3826 _g(Jan-Mar 2011), v. 41(1) p. 145-152 _wBR2011003346 |
|
| 909 |
_a202311 _bLúcia _c55 _dLúcia Elande |
||
| 942 |
_2AGRIS _n0 _cANA |
||
| 999 |
_c213494 _d213494 |
||